000 00477nam a2200145Ia 4500
008 090124s9999 xx 000 0 und d
082 _b304930
245 _a" काही वाटा, किती वळणं"
250 _a1
260 _bराजाध्यक्ष विजया
_c2004
300 _a248
630 _a" काही वाटा, किती वळणं"
730 _a" काही वाटा, किती वळणं"
942 _cBOOK
999 _c194859
_d194859